Plan nacional en bioprospección continental y marina: (Registro nro. 3481)

Detalles MARC
000 -CABECERA
Campo de control 00776nam a2200265 a 4500
005 - FECHA Y HORA DE LA ULTIMA TRANSACCION
Campo de control 20160615121439.0
008 - ELEMENTOS DE LONGITUD FIJA—INFORMACION GENERAL
Campo de control 140311b2002 ck ||||| |||| 00| 0 spa d
020 ## - ISBN
ISBN 9589726402
040 ## - FUENTE DE CATALOGACIÓN
Agencia catalogadora original CO-BoIAVH
Agencia transcriptora CO-BoIAVH
041 ## - IDIOMA
Código de idioma para texto/pista de sonido o título separado Español
044 ## - PAÍS DE PUBLICACIÓN
País de publicación Colombia
082 ## - NUMERO DE CLASIFICACION DECIMAL DEWEY
Número de clasificación 570.72
Número del ítem M52p
100 1# - ASIENTO PRINCIPAL--NOMBRE PERSONAL
Nombre personal Melgarejo, Luz Marina
9 (RLIN) 13451
245 10 - MENCION DE TITULO
Título Plan nacional en bioprospección continental y marina:
Parte restante del título propuesta técnica
260 ## - PUBLICACION, DISTRIBUCION, ETC. (PIE DE IMPRENTA)
Lugar de publicación, distribución, etc. Bogotá:
Nombre del editor, distribuidor, etc. INVEMAR,
Fecha de publicación, distribución, etc. 2002.
300 ## - DESCRIPCION FISICA
Extensión 122 páginas.
650 14 - ASIENTO SECUNDARIO DE MATERIA - TERMINO TEMATICO
Término temático o nombre geográfico como elemento de entrada Bioprospección
9 (RLIN) 71746
650 #0 - ASIENTO SECUNDARIO DE MATERIA - TERMINO TEMATICO
Término temático o nombre geográfico como elemento de entrada Organismos marinos
9 (RLIN) 33602
700 1# - ASIENTO SECUNDARIO - NOMBRE PERSONAL
Nombre personal Sánchez, Jimena
9 (RLIN) 71747
700 1# - ASIENTO SECUNDARIO - NOMBRE PERSONAL
Nombre personal Reyes, Carmen
9 (RLIN) 16233
700 1# - ASIENTO SECUNDARIO - NOMBRE PERSONAL
Nombre personal Newmark, Federico
9 (RLIN) 71748
700 ## - ASIENTO SECUNDARIO - NOMBRE PERSONAL
Nombre personal Santos Acevedo, Marisol
9 (RLIN) 15765
942 ## - ELEMENTOS ADICIONALES (KOHA)
Tipo de ítem Libro
Sistema de clasificación Dewey Decimal Classification
945 ## - PROCESAMIENTO LOCAL
AAAA-MM-DD - Fecha de ingreso o modificacion 2003-11-05
Existencias
Withdrawn status Lost status Sistema de Clasificación Damaged status No para préstamo Colección Inventariado Ubicación Permanente Ubicación actual Fecha de adquisición Fuente de Valor Valor Total Checkouts Número topográfico Inventario / Código de Barras Date last seen Ejemplar Price effective from Forma de adquisición Tipo de material
    Dewey Decimal Classification     General Inventariado 2017 Bogotá Bogotá 15/06/2016 Instituto 15000.00   LB-570.72 M52p 042263 15/06/2016 Ej. 1 15/06/2016 Donación Libro
    Dewey Decimal Classification     General Inventariado 2017 Sala Fabio Quevedo Sala Fabio Quevedo 26/09/2016 Instituto 15000.00   LB-570.72 M52p 040725 26/09/2016 Ej. 2 26/09/2016 Donación Libro